Die Keynessche Beschäftigungsfunktion Eine Studie zur Neurezeption der Keynesschen Beschäftigungstheorie
Gespeichert in:
| 1. Verfasser: | |
|---|---|
| Format: | Buch |
| Sprache: | Deutsch |
| Veröffentlicht: |
Berlin
Duncker und Humblot
1981
|
| Schriftenreihe: | Volkswirtschaftliche Schriften
Heft 310 |
| Tags: |
Keine Tags, Fügen Sie das erste Tag hinzu!
|
MARC
| LEADER | 00000nam a2200000 4500 | ||
|---|---|---|---|
| 001 | c136993 | ||
| 005 | 20041019155308.6 | ||
| 041 | 0 | |a ger | |
| 044 | |a DE | ||
| 245 | 1 | 0 | |a Die Keynessche Beschäftigungsfunktion Eine Studie zur Neurezeption der Keynesschen Beschäftigungstheorie |c Gerhard Michael Ambrosi |
| 264 | 1 | |a Berlin |b Duncker und Humblot |c 1981 | |
| 300 | |a 195 s. | ||
| 490 | 1 | |a Volkswirtschaftliche Schriften |v Heft 310 | |
| 830 | 0 | |a Volkswirtschaftliche Schriften |v Heft 310 | |
| 100 | 1 | |a Ambrosi, Gerhard Michael | |